Every NCAA Women's Basketball Champions - Statistics

General Stats
  • This quiz has been taken 74 times
  • The average score is 10 of 15
Answer Stats
Years School % Correct
1995, 2000, 2002, 2003, 2004, 2009, 2010, 2013, 2014, 2015, 2016 UConn
98%
2017, 2022 South Carolina
91%
1987, 1989, 1991, 1996, 1997, 1998, 2007, 2008 Tennessee
82%
1986 Texas
82%
1990, 1992, 2021 Stanford
80%
1983, 1984 USC
80%
1994 North Carolina
77%
2005, 2012, 2019 Baylor
75%
2001, 2018 Notre Dame
68%
2011 Texas A&M
61%
1993 Texas Tech
52%
2006 Maryland
50%
1999 Purdue
43%
1982, 1988 Louisiana Tech
39%
1985 Old Dominion
36%
No matching quizzes found
Score Distribution
Percent of People with Each Score
Percentile by Number Answered
Your Score History
You have not taken this quiz